Complete Baseball Hall of Fame - Statistics

General Stats
  • This quiz has been taken 41,499 times
    6,294 since last reset
  • The average score is 122 of 304
Answer Stats
Year Team Pos Answer % Correct
1936 New York Yankees OF Babe Ruth
94%
2015 Seattle Mariners P Randy Johnson
89%
1936 Washington Senators P Walter Johnson
88%
1975 Hilldale Daisies 3B Judy Johnson
87%
1962 Brooklyn Dodgers 2B Jackie Robinson
85%
1983 Baltimore Orioles 3B Brooks Robinson
84%
1982 Baltimore Orioles RF Frank Robinson
84%
1936 Detroit Tigers OF Ty Cobb
84%
1945 Brooklyn Dodgers MGR Wilbert Robinson
84%
2020 New York Yankees SS Derek Jeter
82%
2018 Atlanta Braves 3B Chipper Jones
79%
2022 Boston Red Sox DH David Ortiz
79%
2017 Texas Rangers C Iván Rodríguez
79%
1939 New York Yankees 1B Lou Gehrig
79%
2002 St. Louis Cardinals SS Ozzie Smith
79%
2019 Seattle Mariners DH Edgar Martinez
78%
2001 Kansas City Monarchs OF Hilton Smith
78%
2019 Chicago Cubs P Lee Smith
78%
1966 Boston Red Sox OF Ted Williams
78%
1987 Chicago Cubs OF Billy Williams
77%
2008 Oakland Athletics MGR Dick Williams
77%
2025 Seattle Mariners RF Ichiro Suzuki
77%
1999 New York Lincoln Giants P Joe Williams
77%
2016 Seattle Mariners CF Ken Griffey, Jr.
77%
1974 New York Yankees OF Mickey Mantle
77%
2025 Houston Astros P Billy Wagner
76%
1936 Pittsburgh Pirates SS Honus Wagner
76%
2015 Boston Red Sox P Pedro Martinez
76%
2019 New York Yankees P Mariano Rivera
75%
1993 New York Yankees OF Reggie Jackson
75%
1982 New York Giants SS Travis Jackson
75%
2014 Chicago White Sox DH Frank Thomas
73%
2014 Atlanta Braves P Greg Maddux
73%
1979 New York Giants OF Willie Mays
73%
1982 Milwaukee Braves OF Hank Aaron
72%
1973 Pittsburgh Pirates OF Roberto Clemente
72%
1981 St. Louis Cardinals P Bob Gibson
71%
2007 Baltimore Orioles SS Cal Ripken
71%
1955 New York Yankees OF Joe DiMaggio
70%
1972 Homestead Grays C Josh Gibson
70%
1995 Philadelphia Phillies 3B Mike Schmidt
70%
1999 Texas Rangers P Nolan Ryan
70%
1937 Cleveland Spiders P Cy Young
69%
2024 Minnesota Twins C Joe Mauer
69%
1989 Cincinnati Reds C Johnny Bench
68%
1972 New York Yankees C Yogi Berra
68%
2015 Atlanta Braves P John Smoltz
67%
2009 Oakland Athletics OF Rickey Henderson
67%
1972 Los Angeles P Sandy Koufax
67%
2018 Cleveland Indians 1B Jim Thome
66%
2016 New York Mets C Mike Piazza
66%
2024 Colorado Rockies 1B Todd Helton
66%
2014 Atlanta Braves P Tom Glavine
66%
2007 San Diego Padres OF Tony Gwynn
66%
1978 Milwaukee Braves 3B Eddie Mathews
65%
2020 Colorado Rockies RF Larry Walker
65%
2024 Texas Rangers 3B Adrián Beltré
64%
2025 New York Yankees P CC Sabathia
64%
2015 Houston Astros 2B Craig Biggio
64%
2017 Houston Astros 1B Jeff Bagwell
64%
1969 St. Louis Cardinals OF Stan Musial
64%
1977 Chicago Cubs SS Ernie Banks
63%
2018 Montreal Expos RF Vladimir Guerrero
63%
1999 Milwaukee Brewers SS Robin Yount
62%
2019 Toronto Blue Jays P Roy Halladay
62%
2003 Montreal Expos C Gary Carter
61%
1999 Kansas City Royals 3B George Brett
61%
1989 Boston Red Sox OF Carl Yastrzemski
60%
1971 Kansas City Monarchs P Satchel Paige
60%
1936 New York Giants P Christy Mathewson
59%
2014 New York Yankees MGR Joe Torre
59%
1992 New York Mets P Tom Seaver
59%
1990 Cincinnati Reds 2B Joe Morgan
58%
2005 Boston Red Sox 3B Wade Boggs
58%
1974 New York Yankees P Whitey Ford
58%
2004 Oakland Athletics P Dennis Eckersley
57%
1984 Minnesota Twins 1B Harmon Killebrew
57%
2005 Chicago Cubs 2B Ryne Sandberg
57%
1988 Pittsburgh Pirates OF Willie Stargell
57%
1990 Baltimore Orioles P Jim Palmer
56%
2001 Minnesota Twins OF Kirby Puckett
56%
2004 Milwaukee Brewers 3B Paul Molitor
56%
2023 Philadelphia Phillies 3B Scott Rolen
56%
1986 San Francisco Giants 1B Willie McCovey
56%
1997 Chicago White Sox 2B Nellie Fox
55%
1980 Detroit Tigers OF Al Kaline
54%
2000 Boston Red Sox C Carlton Fisk
54%
2003 Baltimore Orioles 1B Eddie Murray
54%
1994 Philadelphia Phillies P Steve Carlton
54%
2018 San Diego Padres P Trevor Hoffman
54%
2012 Cincinnati Reds SS Barry Larkin
53%
2014 St. Louis Cardinals MGR Tony La Russa
52%
2010 Montreal Expos OF Andre Dawson
51%
1962 Cleaveland Indians P Bob Feller
51%
2019 Baltimore Orioles P Mike Mussina
51%
1984 Brooklyn Dodgers SS Pee Wee Reese
51%
1991 Minnesota Twins 2B Rod Carew
51%
1987 Oakland Athletics P Catfish Hunter
49%
2001 San Diego Padres OF Dave Winfield
49%
1949 Chicago Cubs P Mordecai Brown
49%
2006 Homestead Grays P Ray Brown
49%
2011 Toronto Blue Jays 2B Roberto Alomar
49%
1992 Oakland Athletics P Rollie Fingers
49%
2006 Kansas City Monarchs OF Willard Brown
49%
2025 Pittsburgh Pirates RF Dave Parker
48%
1937 Cleveland Indians 2B Nap Lajoie
48%
1942 St. Louis Cardinals 2B Rogers Hornsby
48%
1997 Los Angeles Dodgers MGR Tommy Lasorda
48%
2009 Boston Red Sox OF Jim Rice
47%
1951 New York Giants OF Mel Ott
47%
1963 Washington Senators OF Sam Rice
47%
2000 Detroit Tigers MGR Sparky Anderson
47%
1937 Cleveland Indians OF Tris Speaker
47%
2018 Detroit Tigers SS Alan Trammell
46%
1980 Brooklyn Dodgers OF Duke Snider
46%
1956 Detroit Tigers 1B Hank Greenberg
46%
2018 Detroit Tigers P Jack Morris
46%
1969 Brooklyn Dodgers C Roy Campanella
46%
2017 Montreal Expos LF Tim Raines
46%
1973 Milwaukee Braves P Warren Spahn
46%
2014 Atlanta Braves MGR Bobby Cox
45%
1984 Los Angeles Dodgers P Don Drysdale
45%
1985 St. Louis Cardinals OF Lou Brock
45%
1937 Philadelphia Athletics MGR Connie Mack
44%
1979 Chicago Cubs OF Hack Wilson
44%
1951 Boston Red Sox 1B Jimmie Foxx
44%
2023 Atlanta Braves 1B Fred McGriff
43%
2019 Chicago White Sox DH Harold Baines
43%
1983 San Francisco Giants P Juan Marichal
43%
2006 Philadelphia Stars 3B Jud Wilson
43%
1997 Atlanta Braves P Phil Niekro
43%
2012 Chicago Cubs 3B Ron Santo
43%
2000 Cincinnati Reds 1B Tony Perez
43%
2011 Minnesota Twins P Bert Blyleven
42%
1974 St. Louis Stars OF Cool Papa Bell
42%
2025 Philadelphia Phillies 1B Dick Allen
42%
1976 Philadelphia Phillies P Robin Roberts
42%
1939 Chicago White Stockings 1B Cap Anson
41%
1991 Chicago Cubs P Ferguson Jenkins
41%
1938 Philadelphia Phillies P Grover Alexander
41%
2013 Buffalo Bisons 3B Deacon White
40%
1991 San Francisco Giants P Gaylord Perry
39%
1947 Philadelphia Athletics P Lefty Grove
39%
1953 Philadelphia Athletics OF Al Simmons
38%
1939 Philadelphia Athletics 2B Eddie Collins
38%
1945 Boston Red Sox 3B Jimmy Collins
38%
1994 New York Yankees SS Phil Rizzuto
38%
1975 Pittsburgh Pirates OF Ralph Kiner
38%
2020 St. Louis Cardinals C Ted Simmons
38%
2001 Pittsburgh Pirates 2B Bill Mazeroski
37%
1953 St. Louis Cardinals P Dizzy Dean
37%
1998 Los Angeles Dodgers P Don Sutton
37%
2008 New York Yankees P Rich Gossage
36%
2022 Brooklyn Dodgers 1B Gil Hodges
35%
2024 Pittsburgh Pirates MGR Jim Leyland
35%
1937 New York Giants MGR John McGraw
35%
1996 Baltimore Orioles MGR Earl Weaver
34%
1998 New York Giants SS George Davis
34%
1984 Chicago White Sox SS Luis Aparicio
34%
1966 New York Yankees MGR Casey Stengel
33%
1949 Detroit Tigers 2B Charlie Gehringer
33%
1999 San Francisco Giants 1B Orlando Cepeda
33%
1954 New York Yankees C Bill Dickey
32%
2006 St. Louis Cardinals P Bruce Sutter
32%
1946 Chicago Cubs 1B Frank Chance
32%
1955 Philadelphia Athletics 3B Home Run Baker
32%
2022 Minnesota Twins P Jim Kaat
32%
1967 Pittsburgh Pirates OF Lloyd Waner
32%
1952 Pittsburgh Pirates OF Paul Waner
32%
2022 Chicago White Sox LF Minnie Miñoso
31%
2010 St. Louis Cardinals MGR Whitey Herzog
31%
1945 Pittsburgh Pirates OF Fred Clarke
30%
1946 Chicago Cubs 2B Johnny Evers
30%
1972 New York Yankees P Lefty Gomez
30%
1995 Philadelphia Phillies OF Richie Ashburn
30%
1974 Philadelphia Phillies OF Sam Thompson
30%
1976 Cleveland Indians P Bob Lemon
29%
1983 Detroit Tigers 3B George Kell
29%
1939 St. Louis Browns 1B George Sisler
29%
1946 Chicago Cubs SS Joe Tinker
29%
1989 St. Louis Cardinals 2B Red Schoendienst
29%
2022 Minnesota Twins RF Tony Oliva
29%
1992 Detroit Tigers P Hal Newhouser
28%
1981 St. Louis Cardinals 1B Johnny Mize
28%
1964 Chicago White Sox SS Luke Appling
28%
1996 Chicago American Giants P Bill Foster
27%
1985 St. Louis Cardinals OF Enos Slaughter
27%
1998 Cleveland Indians OF Larry Doby
27%
1970 Cleveland Indians SS Lou Boudreau
27%
1947 Detroit Tigers C Mickey Cochrane
27%
1981 Chicago American Giants MGR Rube Foster
27%
1985 Pittsburgh Pirates SS Arky Vaughan
26%
1947 New York Giants P Carl Hubbell
26%
1986 Boston Red Sox 2B Bobby Doerr
25%
1955 Brooklyn Dodgers P Dazzy Vance
25%
1976 Pittburgh Crawfords OF Oscar Charleston
25%
1983 Los Angeles Dodgers MGR Walter Alston
25%
1975 Washington Senators MGR Bucky Harris
24%
1947 St. Louis Cardinals 2B Frankie Frisch
24%
1973 New York Giants 1B George Kelly
24%
1985 Chicago White Sox P Hoyt Wilhelm
24%
1996 Philadelphia Phillies P Jim Bunning
24%
2009 New York Yankees 2B Joe Gordon
24%
1971 Baltimore Orioles (NL) OF Joe Kelley
24%
1945 Chicago White Stockings OF King Kelly
24%
1994 Brooklyn Dodgers MGR Leo Durocher
24%
1991 New York Yankees 2B Tony Lazzeri
24%
2006 Kansas City Monarchs P Andy Cooper
23%
1961 Boston Beaneaters OF Billy Hamilton
23%
1980 Philadelphia Phillies OF Chuck Klein
23%
1972 Cleveland Indians P Early Wynn
23%
1955 Chicago Cubs C Gabby Hartnett
23%
1957 New York Yankees MGR Joe McCarthy
23%
1948 Pittsburgh Pirates 3B Pie Traynor
23%
1957 Detroit Tigers OF Sam Crawford
23%
1946 Boston Beaneaters OF Tommy McCarthy
23%
1997 St. Louis Stars SS Willie Wells
23%
1954 New York Giants 1B Bill Terry
22%
1986 Cincinnati Reds C Ernie Lombardi
22%
1968 St. Louis Cardinals OF Joe Medwick
22%
1967 New York Yankees P Red Ruffing
22%
1946 Philadelphia Athletics P Rube Waddell
22%
1939 New York Highlanders OF Willie Keeler
22%
1977 Chicago White Sox MGR Al Lopez
21%
1939 Providence Grays P Charles Radbourn
21%
1946 Philadelphia Athletics P Eddie Plank
21%
2006 Indianapolis ABCs 1B Ben Taylor
20%
1952 Detroit Tigers OF Harry Heilmann
20%
1956 Boston Red Sox SS Joe Cronin
20%
1949 Boston Beaneaters P Kid Nichols
20%
1964 New York Yankees MGR Miller Huggins
20%
1973 Newark Eagles OF Monte Irvin
20%
2006 Chicago American Giants OF Pete Hill
20%
1969 New York Yankees P Waite Hoyt
20%
1959 Brooklyn Dodgers OF Zack Wheat
20%
1939 New York Gothams C Buck Ewing
19%
1972 Homestead Grays 1B Buck Leonard
19%
1970 New York Yankees OF Earle Combs
19%
1945 Philadelphia Phillies OF Ed Delahanty
19%
1946 Chicago White Sox P Ed Walsh
19%
1968 Washington Senators OF Goose Goslin
19%
1965 Buffalo Bisons P Pud Galvin
19%
1954 Boston Braves SS Rabbit Maranville
19%
1978 Cleveland Indians P Addie Joss
18%
2006 Cuban Giants 2B Frank Grant
18%
1946 New York Yankees P Jack Chesbro
18%
1974 St. Louis Cardinals 1B Jim Bottomley
18%
1995 Boston Braves P Vic Willis
18%
1953 St. Louis Browns SS Bobby Wallace
17%
1953 Philadelphia Athletics P Chief Bender
17%
1945 Buffalo Bisons 1B Dan Brouthers
17%
1971 Boston Red Sox OF Harry Hooper
17%
1953 Philadelphia Quakers MGR Harry Wright
17%
1964 Washington Senators OF Heinie Manush
17%
1955 Chicago White Sox P Ted Lyons
17%
1975 Chicago Cubs 2B Billy Herman
16%
1975 Cleveland Indians OF Earl Averill
16%
1948 New York Yankees P Herb Pennock
16%
1945 Boston Beaneaters OF Hugh Duffy
16%
1945 Baltimore Orioles (NL) SS Hugh Jennings
16%
1973 New York Giants P Mickey Welch
16%
1955 Chicago White Sox C Ray Schalk
16%
1945 New York Giants C Roger Bresnahan
16%
1964 New York Giants P Tim Keefe
16%
2000 Detroit Stars OF Turkey Stearnes
16%
1964 Brooklyn Dodgers P Burleigh Grimes
15%
1962 Cincinnati Reds OF Edd Roush
15%
1963 Cincinnati Reds P Eppa Rixey
15%
1963 Boston Beaneaters P John Clarkson
15%
1968 Chicago Cubs OF Kiki Cuyler
15%
1995 Newark Eagles P Leon Day
15%
1977 Cuban Stars (East) P Martin Dihigo
15%
1984 St. Louis Browns C Rick Ferrell
15%
1971 New York Giants P Rube Marquard
15%
2000 Cincinnati Red Stockings 2B Bid McPhee
14%
2006 Hilldale Giants C Biz Mackey
14%
1946 Cleveland Spiders OF Jesse Burkett
14%
1946 New York Giants P Joe McGinnity
14%
1977 Cleveland Indians SS Joe Sewell
14%
1964 New York Gothams SS John Ward
14%
1961 Pittsburgh Pirates OF Max Carey
14%
1964 Chicago White Sox P Red Faber
14%
1976 New York Gothams 1B Roger Connor
14%
1972 New York Giants OF Ross Youngs
14%
1969 Cleveland Indians P Stan Coveleski
14%
2008 St. Louis Cardinals MGR Billy Southworth
13%
1998 Kansas City Monarchs P Bullet Rogan
13%
2006 Chicago American Giants OF Cristobal Torriente
13%
1976 New York Giants 3B Freddie Lindstrom
13%
1970 St. Louis Cardinals P Jesse Haines
13%
1945 New York Giants OF Jim O'Rourke
13%
2006 Newark Eagles 1B Mule Suttles
13%
1977 New York Lincoln Giants SS Pop Lloyd
13%
1987 Newark Eagles 3B Ray Dandridge
13%
1977 New York Giants P Amos Rusie
12%
1971 St. Louis Cardinals OF Chick Hafey
12%
1971 Philadelphia Phillies SS Dave Bancroft
12%
1963 Cleveland Indians OF Elmer Flick
12%
1971 Pittsburgh Pirates 1B Jake Beckley
12%
2006 Cuban Stars P Jose Mendez
12%
2006 Hilldale Daisies C Louis Santop
12%
1962 Cincinnati Reds MGR Bill McKechnie
11%
1999 Boston Beaneaters MGR Frank Selee
10%
1996 Baltimore Orioles (NL) MGR Ned Hanlon
10%
No matching quizzes found
Score Distribution
Percent of People with Each Score
Percentile by Number Answered
Your Score History
You have not taken this quiz since the last reset